Statistiques concernant Les peintres Célèbres

Cliquez ici pour prendre le quiz!

Statistiques générales

  • Ce quiz a été pris 378 fois
  • Le résultat moyen est 11 sur 42

Statistiques - réponses

DatePeintre% Correct
1881 - 1973Pablo Picasso
75%
1840 - 1926Claude Monet
64%
1452 - 1519Leonard de Vinci
62%
1853 - 1890Vincent van Gogh
59%
1475 - 1564Michel-Ange
58%
1904 - 1989Salvador Dali
55%
1606 - 1669Rembrandt
51%
1841 - 1919Auguste Renoir
48%
1839 - 1906Paul Cézanne
47%
1483 - 1520Raphael
39%
1834 - 1917Edgar Degas
36%
1819 - 1877Gustave Courbet
30%
1864 - 1901Henri de Toulouse-Lautrec
30%
1882 - 1963Georges Braque
29%
1898 - 1967René Magritte
28%
1445 - 1510Sandro Botticelli
28%
1862 - 1918Gustav Klimt
25%
1893 - 1983Joan Miro
24%
1928 - 1987Andy Warhol
23%
1541 - 1614El Greco
21%
1632 - 1675Johannes Vermeer
21%
1571 - 1610Le Caravage
21%
1577 - 1640Pierre Paul Rubens
21%
1887 - 1985Marc Chagall
20%
1844 - 1910Henri Rousseau
19%
1830 - 1903Camille Pissarro
18%
1884 - 1920Amedeo Modigliani
17%
1863 - 1944Edvard Munch
17%
1746 - 1828Francisco de Goya
14%
1909 - 1992Francis Bacon
12%
1780 - 1867Jean Auguste Dominique Ingres
12%
1848 - 1894Gustave Caillebotte
11%
1879 - 1940Paul Klee
11%
1866 - 1944Vassily Kandinsky
11%
1872 - 1944Piet Mondrian
10%
1891 - 1976Max Ernst
9%
1912 - 1956Jackson Pollock
7%
1775 - 1851Joseph Mallord William Turner
7%
1879 - 1953Francis Picabia
6%
1880 - 1954André Derain
2%
1887 - 1968Marcel Duchamp
2%
1525 - 1569Pieter Brueghel
2%

Distribution des résultats

Percentile par nombre de réponses

% des personnes avec chaque résultat

Votre développement - résultats

Vous n’avez pas pris ce quiz